Stateless Nationalisms in Europe - Statistics

General Stats
  • This quiz has been taken 122 times
  • The average score is 21 of 48
Answer Stats
Hint Answer % Correct
Spain Basque
87%
Spain Catalan
86%
United Kingdom Scottish
79%
United Kingdom Welsh
77%
Spain Galician
73%
Italy Sicilian
70%
Belgium Flemish
68%
France Occitan
65%
Italy Sardinian
65%
Cyprus Turkish Cypriot
65%
France Breton
64%
Germany Bavarian
63%
United Kingdom Cornish
59%
Belgium Walloon
59%
France Corsican
58%
Finland Åland
57%
Cyprus Greek Cypriot
57%
Italy Venetian
55%
Russia Chechen
53%
Russia Tatar
52%
Italy Lombard
51%
Spain Andalusian
49%
United Kingdom Manx
49%
Moldova Transnistrian
48%
Kosovo North Kosovo
47%
Macedonia Ilidiran
46%
Albania Northern Epirus
44%
Spain Asturian
42%
Spain Aragonese
39%
Spain Valencian
38%
Denmark Faroese
36%
Russia Karelian
36%
Poland Silesian
33%
France Alsatian
32%
Moldova Gagauz
29%
Serbia Vojvodina
29%
Italy Southern Italian
28%
Italy Ligur
24%
Spain Canarian
22%
Bosnia and Herzegovina Srpska Republic
20%
United Kingdom Ulster
18%
Italy Friulian
17%
France Provençal
16%
Russia Circassian
13%
Italy Padanian
8%
Italy South Tyrolean
8%
Switzerland Jurassic
6%
France Savoyan
6%
No matching quizzes found
Score Distribution
Percent of People with Each Score
Percentile by Number Answered
Your Score History
You have not taken this quiz